000
00229 a2200097 4500
001
42173
100
_a
Bellew H W
245
_a
A Dictionary of Pukkhto Language
260
_a
_b
Saeed Book B & S Agency
_c
090
_c
26162
_d
26162
942
_a
NUST-CAE
_c
M
_c
17961
999
_c
277246
_d
277246